finals words - Statistics

General Stats
  • This quiz has been taken 2 times
  • The average score is 9 of 15
Answer Stats
Question Answer % Correct
urbanization the process of people migrating to cities
100%
gentrification the process of the rich pushing out the poor
100%
political geography the study of how human societies organize, divide, and govern the Earth's surface.
100%
economic interdependence a system where indivisuals, businesses and nations rely on one another to produce goods and services
50%
immigrant choose to leave
50%
democracy Citizen can elect presidents
50%
spatial inequality forced relocation of minorites to district in cities
50%
Refugee forced to leave from one country to another
50%
GDP gross domestic product
50%
HDI human development index/standard of living
50%
melco mountain barriers, elevation, latitude, continental locations, and ocean currents
50%
globalization the integration of global economies and global economies like the internet
50%
supernationalism the process of practice of separate nations voluntary joining an international organization/unions
50%
population pyramids tree= less devloping
50%
republic elected representatives
0%
No matching quizzes found
Score Distribution
Percent of People with Each Score
Percentile by Number Answered
Your Score History
You have not taken this quiz